Propuestas de desindexación de la economísa por concertación y sin control de precios (Registro nro. 18086)

Detalles MARC
000 -LEADER
fixed length control field 00374 a2200109 4500
001 - CONTROL NUMBER
control field ART_12857
005 - DATE AND TIME OF LATEST TRANSACTION
control field 20260410161733.0
008 - FIXED-LENGTH DATA ELEMENTS--GENERAL INFORMATION
fixed length control field 260409a
100 1# - MAIN ENTRY--PERSONAL NAME
Personal name Apreda, Rodolfo
245 10 - TITLE STATEMENT
Title Propuestas de desindexación de la economísa por concertación y sin control de precios
773 0# - HOST ITEM ENTRY
Title Ejecutivos de finanzas
Related parts - Año 7, Nº 53 (mar. 1989)
Record control number REV2863

No hay ítems disponibles.